00433 a2200169 4500001000700000020001800007020001800025020001800043041000800061100002000069250001700089300001200106856002400118040002500142245006300167260003300230111967 a9780329289355 a9781413137392 a9781550743227 apor aHarris, Pamela. a1st U.S. ed. a[32] p. u00001f/00001f8f.jpg aBR-BrIDEAcBR-BrIDEA10aHot, cold, shy, boldblooking at oppositesc Pamela Harris a[S.l.]bKids Can Pressc1998